| 000 | 02596nam a2200517 i 4500 | ||
|---|---|---|---|
| 003 | KOSZ 005 | ||
| 005 | 20200616113400.0 | ||
| 008 | 150115s2002 pl a f m |000 0 pol d | ||
| 035 | _a2351 | ||
| 040 |
_cKOSZ 005 _aKOSZ 005 _dKOSZ 005/EG |
||
| 041 |
_apol _beng _bger |
||
| 044 | _aPOL | ||
| 046 | _a2002 | ||
| 080 | _a620.17-037 | ||
| 084 | _a630000 | ||
| 100 | 1 |
_aZagubień, Adam. _eAutor |
|
| 245 | 1 | 0 |
_aBadania laboratoryjne i identyfikacja niesprężystych właściwości materiałowych tkaniny powlekanej typu "PANAMA" : _bpraca doktorska / _cAdam Zagubień ; Politechnika Koszalińska. Wydział Budownictwa i Inżynierii Środowiska. Katedra Mechaniki Budowli. |
| 260 |
_aKoszalin : _b[s.n.], _c2002. |
||
| 300 |
_a96 stron : _bilustracje ; _c30 cm + _ezałącznik : 1 dysk optyczny (CD ROM) ; 2 recenzje. |
||
| 336 |
_2rdacontent _aTekst _btxt |
||
| 337 |
_2rdamedia _aBez urządzenia pośredniczącego _bn |
||
| 337 |
_2rdamedia _aKomputer _bc |
||
| 338 |
_2rdacarrier _aWolumin _bnc |
||
| 338 |
_2rdacarrier _aDysk komputerowy _bcd |
||
| 500 | _aDruk jednostronny. | ||
| 502 | _aRozprawa doktorska. Politechnika Koszalińska. 2002. | ||
| 504 | _aBibliografia na stronach 91-95. | ||
| 506 | _aDostępne online na zasadzie licencji Creative Commons wersja BY-NC 4.0. | ||
| 520 | _aPrzedmiotem pracy jest próba zastosowania lepkoplastycznych modeli konstytutywnych do opisu właściwości materiałowych tkaniny tekstylnej powlekanej PANAMA. W pracy ustalono program badań laboratoryjnych niezbędnych do określenia tych wielkości. Wykonano identyfikację parametrów materiałowych dla dwóch modeli lepkoplastycznych związków konstytutywnych. Przeprowadzono weryfikację obliczonych parametrów poprzez porównanie badań laboratoryjnych z symulacją numeryczną tych prób wykonaną na podstawie wyznaczonych parametrów. | ||
| 653 | _aKonstrukcje budowlane | ||
| 653 | _aPowłoki tekstylne | ||
| 653 | _aPrzekrycia wiszące | ||
| 653 | _aBadania reologiczne | ||
| 653 | _aSprężystość | ||
| 653 | _aLepkoplastyczność | ||
| 653 | _aAnaliza numeryczna | ||
| 658 | _aArchitektura i budownictwo | ||
| 658 | _aInżynieria i technika | ||
| 655 | 4 | _aRozprawa doktorska | |
| 700 | 1 |
_aKłosowski, Paweł. _ePromotor |
|
| 700 | 1 |
_aFilipkowski, Jan. _eRecenzja |
|
| 700 | 1 |
_aWoznica, Krzysztof. _eRecenzja |
|
| 710 | 2 | _aWydział Budownictwa i Inżynierii Środowiska (Politechnika Koszalińska). | |
| 942 |
_cDOK _2UKD |
||
| 999 |
_c2351 _d2351 |
||